États des États-Unis par PIB - Statistiques

Statistiques générales
  • Ce quiz a été pris 45 fois
  • Le résultat moyen est 10 sur 15
Statistiques - réponses
PIB* État % Correct
3 987 Californie
98%
2 664 Texas
95%
1 647 Floride
93%
2 226 New York
90%
830 Washington
83%
794 Caroline du Nord
76%
897 Ohio
71%
1 107 Illinois
68%
833 Géorgie
63%
826 New Jersey
61%
732 Virginie
59%
679 Michigan
56%
998 Pennsylvanie
51%
759 Massachusetts
41%
540 Tennessee
29%
Aucun quiz correspondant
Distribution des résultats
% des personnes avec chaque résultat
Percentile par nombre de réponses
Votre historique - résultats
Vous n’avez pas pris ce quiz